000 00309nam a2200109Ia 4500
008 180315s9999 xx 000 0 und d
020 _a9789351118992
100 _aBenjamin, A. Edward William
245 _aTeaching through e-learning
260 _aIndia :
_b2016
_cRandom Publications
300 _axx, 339 pages
999 _c356333
_d356333